000 00697nam a2200205Ii 4500
003 JO-AjNU
008 230605s9999||||xx |||||||||||||| ||und||
040 _aJO-AjNU
_bara
_erda
_cJO-AjNU
041 _aara
050 1 4 _aHV6699.A2.2008
100 3 _aعابدين، عدنان حمدي,
_eauthor
_964164
245 0 0 _aالاحتيال المالي - اسبابه، طرق اكتشافه وسبل منعه
250 _aط1
264 3 1 _aبيروت: مكتبة لبنان ناشرون وموزعون، 2008
300 _a240ص
336 _atext
_btxt
_2rdacontent
337 _aunmediated
_bn
_2rdamedia
338 _avolume
_bnc
_2rdacarrier
650 4 _aالاحتيال المالي
_964165
999 _aA29143
_c32711
_d32711